000 01171nam0a22002651 4500
001 rc\4617651
005 20260408080236.0
021 _aRU
_bРг1521-59
035 _a(NLR Aleph) 008397921
090 _a9217946
_c9217946
100 _a20130416d1958 |||y0rusy50 ca
101 0 _arus
102 _aRU
105 _ay z |||||
200 1 _aИнструкция счетчику по учету скота, находящегося в личной собственности колхозников, рабочих и служащих и прочих групп населения на 1 января 1959 года
210 _a[Москва
_cБ. и.
_d1958]
215 _a4 с.
_d21
300 _aВ конце текста: Упр. статистики сельск. хоз. ЦСУ СССР
300 _aБез тит. л. и обл.
710 0 1 _aСССР
_bЦентральное статистическое управление
_bУправление статистики сельского хозяйства
_9680552
_3RU\NLR\AUTH\8810089550
801 0 _aRU
_bNLR
_gpsbo
801 1 _aRU
_bELAR
_2rusmarc
852 _aNLR
_j59-6/2072
942 _cBOOK
980 _aNB